[Event "67th Moscow Blitz 2013"]
[Site "Moscow RUS"]
[Date "2013.09.01"]
[Round "10"]
[White "Grischuk,A"]
[Black "Gunina,V"]
[Result "1/2-1/2"]
[WhiteElo "2785"]
[BlackElo "2506"]

1.c4 c6 2.Nf3 d5 3.g3 Nf6 4.Bg2 Bg4 5.Ne5 Bf5 6.cxd5 cxd5 7.Nc3 e6 8.Qa4+ Nbd7
9.g4 Bc2 10.Nxf7 Bxa4 11.Nxd8 Rxd8 12.Nxa4 Nxg4 13.Bh3 Ndf6 14.f3 Ne5 15.Bxe6 d4
16.f4 Ng6 17.f5 Nf4 18.Bc4 a6 19.O-O Bd6 20.e3 Nh3+ 21.Kg2 Ng5 22.exd4 Bc7
23.Re1+ Kf8 24.d3 Rxd4 25.h3 Bf4 26.Nc5 Bxc1 27.Raxc1 g6 28.Ne6+ Nxe6 29.Rxe6 Kg7
30.Re7+ Kh6 31.fxg6 hxg6 32.Rxb7 Re8 33.Rc2 Nh5 34.Rf2 Nf4+ 35.Kh2 Re3 36.Rf7 Rxh3+
37.Kg1 Rg3+ 38.Kf1 Nxd3 39.Bxd3 Rdxd3  1/2-1/2

[Event "21st Honor to National Resistance"]
[Site "Nikaia GRE"]
[Date "2013.09.01"]
[Round "8.5"]
[White "Vazelakis,D"]
[Black "Poulopoulos,I"]
[Result "0-1"]
[WhiteElo "1969"]
[BlackElo "2079"]

1.c4 c6 2.g3 d5 3.Bg2 Nf6 4.Nf3 dxc4 5.Qc2 Qd5 6.Nc3 Qh5 7.h3 Nbd7 8.b3 cxb3
9.axb3 e6 10.d4 Bb4 11.O-O O-O 12.Na2 Be7 13.e4 h6 14.e5 Nd5 15.Nh2 f6 16.Bf3 Qf7
17.Qe2 f5 18.Bxd5 cxd5 19.Nc3 Nb6 20.Nb5 Bd7 21.Nd6 Bxd6 22.exd6 Rfd8 23.Re1 Nc8
24.Ba3 Qf8 25.Rac1 Nxd6 26.Rc7 Bc8 27.Qe5 Nf7 28.Bxf8 Nxe5 29.Bxg7 Nf7 30.Bf6 Rd7
31.Rec1 Rxc7 32.Rxc7 a5 33.Nf3 b5 34.Ne5 Nxe5 35.Bxe5 a4 36.bxa4 bxa4 37.Rc2 Ba6
38.Bd6 Bc4 39.Rc3 Ra6 40.Bc5 Ra5 41.Kg2 Kf7 42.g4 Kf6 43.gxf5 exf5 44.Kg3 Rb5
45.Kf4 Rb2 46.Kg3 Rb1 47.Re3 Rb2 48.Re8 Rb3+ 49.Re3 Bd3 50.Kf4 a3 51.Be7+ Kg6
52.Bxa3 Rxa3 53.Ke5 Kf7 54.Kxd5 Be4+ 55.Ke5 Ra5+ 56.Kf4 Kf6 57.Rb3 Ra6 58.f3 Bd5
59.Rb5 Rd6 60.Rb8 Be6 61.Rb4 Rc6 62.Rb8 Rc4 63.Rd8 Ke7 64.Rh8 Rxd4+ 65.Ke3 Rh4  0-1

[Event "15th Trieste Open"]
[Site "Trieste ITA"]
[Date "2013.09.01"]
[Round "3"]
[White "Bruno,Fabi"]
[Black "Ioffe,E"]
[Result "1-0"]
[WhiteElo "2421"]
[BlackElo "2029"]

1.c4 c6 2.d4 d5 3.Nf3 Nf6 4.Qc2 dxc4 5.Qxc4 Bf5 6.g3 e6 7.Bg2 Nbd7 8.O-O Be7
9.Nc3 h6 10.Re1 O-O 11.e4 Bh7 12.Bf4 Qa5 13.a3 Rfe8 14.b4 Qb6 15.Ne5 Nxe5
16.dxe5 Nd7 17.Rad1 Rad8 18.Be3 Qc7 19.f4 Nb6 20.Qb3 Rxd1 21.Rxd1 Rd8 22.Bc5 Kf8
23.Kf2 Ke8 24.Be3 Rxd1 25.Nxd1 Qd7 26.Nb2 Bd8 27.Kf3 Nc8 28.Ke2 Bb6 29.Nc4 Bxe3
30.Kxe3 b5 31.Na5 Qc7 32.Qc3 Qb6+ 33.Qc5 Ne7 34.Bf1 Kd7 35.Bd3 Kc7 36.Nb3 Ng6
37.Qd4 Qxd4+ 38.Kxd4 Nf8 39.Nc5 Kb6 40.f5 Bg8 41.Bc2 Kc7 42.Bb3 Kb6 43.h4 Kc7
44.g4 Kb6 45.Ke3 g5 46.hxg5 hxg5 47.Kd4 Kc7 48.Nd3 Kb6 49.Ne1 Nd7 50.Nf3 c5+
51.bxc5+ Nxc5 52.Bc2 Nd7 53.fxe6 fxe6 54.Nxg5 Nb8 55.Nf3 Nc6+ 56.Ke3 Kc5
57.Bb3 a5 58.a4 b4 59.Kd3 Bf7 60.Ke3 Bg8 61.Kd3 Bf7 62.Bc4 Nd8 63.Nd4 Kb6
64.g5 Nb7 65.Nb3 Nd8 66.Bb5 Bh5 67.Kd4 Nb7 68.Nd2 Bf7 69.Nc4+ Kc7 70.Nd6 Nxd6
71.exd6+ Kxd6 72.e5+ Kc7 73.Bd3 Kc6 74.Be4+ Kb6 75.g6 Bg8 76.Kc4 Ka6 77.Kc5 b3
78.Bd3+ Kb7 79.Kb5 b2 80.Be4+ Kc7 81.Kxa5 b1=Q 82.Bxb1 Kc6 83.Kb4 Kd5 84.a5  1-0

[Event "ch-POR 2013"]
[Site "Lisbon POR"]
[Date "2013.09.02"]
[Round "1.3"]
[White "Rego,P"]
[Black "Rocha,S"]
[Result "1/2-1/2"]
[WhiteElo "2229"]
[BlackElo "2408"]

1.c4 c6 2.g3 d5 3.Bg2 Nf6 4.Nf3 g6 5.b3 Bg7 6.Bb2 O-O 7.O-O Na6 8.d3 Bg4
9.Nbd2 Qc8 10.cxd5 Nxd5 11.Bxg7 Kxg7 12.Qc1 Rd8 13.Nc4 f6 14.a3 Nac7 15.Qb2 Qe6
16.Rfe1 Rac8 17.e4 Nb6 18.e5 Nbd5 19.Nd4 Qf7 20.h3 Be6 21.Re2 f5 22.f4 Kg8
23.Na5 Rb8 24.b4 Nb6 25.Rd1 Na4 26.Qa1 Bd5 27.Bf1 Ne6 28.Nxe6 Qxe6 29.Re3 Rd7
30.Qc1 Rbd8 31.Qc2 Nb6 32.Rc1 Kg7 33.Be2 Qf7 34.Bf1 Be6 35.Bg2 Nd5 36.Re2 Rb8
37.Kh2 Nc7 38.a4 Bd5 39.Qc3 Ne6 40.Bf1 Kg8 41.Rce1 Qe8 42.Re3 Qd8 43.Nc4 b5
44.Nb2 Qb6 45.Bg2 bxa4 46.Nxa4 Qxb4 47.Bxd5 cxd5 48.Qc6 Nf8 49.Nc5 Rdd8 50.Na6 Qb2+
51.R3e2 Rb6 52.Qc7 Rd7 53.Qc8 Qb5 54.Ra1 Qxd3 55.Rg2 Qc4 56.Nc5 Rb5 57.e6 Rd6
58.Qe8 Rb8 59.Qxe7 Qxc5 60.Qf7+ Kh8 61.Qf6+ Kg8 62.Qf7+ Kh8 63.Rxa7 Rd7 64.exd7 Qxa7
65.Qf6+ Kg8 66.d8=Q Rxd8 67.Qxd8 Qd7 68.Qf6 Qe6 69.Qb2 Qd6 70.Re2 d4 71.Re5 Ne6
72.Qb3 Kf7 73.Rd5 Qa6 74.Re5 Kf6 75.Qb2 Qc4 76.Kg2 Qc6+ 77.Kf2 Qh1 78.Qb6 Qh2+
79.Kf3 Qa2 80.Rxe6+ Qxe6 81.Qxd4+ Kf7 82.Qa7+ Kf6 83.Qd4+  1/2-1/2

[Event "88th ch-ARG Superior 2013"]
[Site "Resistance/Saenz Pena ARG"]
[Date "2013.09.03"]
[Round "9.2"]
[White "Flores,Di"]
[Black "Lorenzini,M"]
[Result "1-0"]
[WhiteElo "2578"]
[BlackElo "2487"]

1.c4 c6 2.Nf3 d5 3.d4 Nf6 4.Nc3 e6 5.Bg5 Nbd7 6.e3 Qa5 7.Nd2 dxc4 8.Bxf6 Nxf6
9.Nxc4 Qc7 10.g3 Be7 11.Bg2 O-O 12.O-O Rd8 13.Qf3 Bd7 14.Rfc1 Be8 15.Rab1 Rac8
16.b4 Nd5 17.a3 b6 18.Ne5 Qb8 19.h4 a5 20.bxa5 b5 21.a4 b4 22.Nd3 Qa7 23.Ne4 Qxa5
24.Nec5 Rb8 25.Rb3 Nc3 26.Kh2 e5 27.Nxe5 Bxc5 28.dxc5 Qxa4 29.Rb2 Qa5 30.Qf4 Qxc5
31.Nd3 Qe7 32.Rxc3 bxc3 33.Rxb8 Rxd3 34.Qe4  1-0

[Event "17th Cesenatico Open"]
[Site "Cesenatico ITA"]
[Date "2013.09.05"]
[Round "6.4"]
[White "Cebalo,M"]
[Black "Zimina,O"]
[Result "0-1"]
[WhiteElo "2440"]
[BlackElo "2337"]

1.c4 c6 2.g3 d5 3.Nf3 Nf6 4.Bg2 dxc4 5.O-O Nbd7 6.Qc2 Nb6 7.a4 a5 8.Na3 g6
9.Nxc4 Nxc4 10.Qxc4 Bg7 11.d3 O-O 12.e4 Nd7 13.d4 e5 14.Be3 exd4 15.Bxd4 Bxd4
16.Nxd4 Qb6 17.Qc3 Nc5 18.Rfd1 Re8 19.e5 Bg4 20.Rd2 Rad8 21.h3 Bxh3 22.Qe3 Bxg2
23.Kxg2 Ne6 24.Rad1 Nxd4 25.Rxd4 Rxd4 26.Rxd4 Qxb2 27.Qf4 Qb3 28.Rd7 b5 29.Qf6 Qe6
30.Rd8 Rxd8 31.Qxd8+ Kg7 32.axb5 cxb5 33.Qxa5 Qxe5 34.Qb4 h5 35.Kg1 Qd5 36.Qc3+ Kh7
37.f4 Qc4 38.Qf6 b4 39.Kh2 b3 40.Kg2 Kg8  0-1

[Event "TCh-ROU 2013"]
[Site "Mamaia ROU"]
[Date "2013.09.06"]
[Round "7.3"]
[White "Rogozenco,D"]
[Black "Itkis,B"]
[Result "1-0"]
[WhiteElo "2515"]
[BlackElo "2391"]

1.c4 c6 2.e4 d5 3.exd5 cxd5 4.d4 Nf6 5.Nc3 g6 6.Qb3 Bg7 7.cxd5 O-O 8.Nge2 Na6
9.g3 Qb6 10.Qxb6 axb6 11.Bg2 Nb4 12.O-O Rd8 13.d6 Rxd6 14.Bf4 Rd7 15.Rfd1 Nbd5
16.Be5 Rd8 17.Nf4 Nxf4 18.Bxf4 Bg4 19.Rd2 Nh5 20.Be3 Ra7 21.h3 Bd7 22.Nd5 Be6
23.Nxe7+ Kf8 24.d5 Kxe7 25.Bxb6 Raa8 26.Bxd8+ Rxd8 27.Re2  1-0

[Event "TCh-ROU 2013"]
[Site "Mamaia ROU"]
[Date "2013.09.06"]
[Round "7.6"]
[White "Stegariu,V"]
[Black "Horvat,Dan"]
[Result "1-0"]
[WhiteElo "2171"]
[BlackElo "2209"]

1.c4 c6 2.e4 e5 3.Nf3 d6 4.d4 Nd7 5.Nc3 Ngf6 6.g3 Be7 7.Bg2 O-O 8.O-O Re8
9.Qc2 Qc7 10.b3 a6 11.a4 a5 12.Bb2 Bf8 13.Rad1 Qb8 14.h3 g6 15.Rfe1 Qc7 16.Kh2 Nb8
17.c5 dxc5 18.dxe5 Nfd7 19.e6 Rxe6 20.e5 h6 21.Ne4 Na6 22.h4 Nb4 23.Qb1 Nd5
24.h5 Bg7 25.hxg6 fxg6 26.Bh3 Re7 27.e6 Nf8 28.Bxg7 Rxg7 29.Rxd5 cxd5 30.Nf6+ Kh8
31.Qc1 g5 32.Qe3 d4 33.Qe4 Bxe6 34.Bxe6 Qe7 35.Nh5 Qxe6 36.Qxe6 Nxe6 37.Rxe6 Rf7
38.Kg2 Ra6 39.Re8+ Kh7 40.Ne5 Rc7 41.Kf3 Rb6 42.Ke4 d3 43.Kf5 d2 44.Rd8 Rc8
45.Rd7+ Kg8 46.Nf6+  1-0

[Event "15th Trieste Open"]
[Site "Trieste ITA"]
[Date "2013.09.06"]
[Round "8"]
[White "Tratar,M"]
[Black "Ashiku,F"]
[Result "1/2-1/2"]
[WhiteElo "2503"]
[BlackElo "2241"]

1.c4 c6 2.d4 d5 3.Nf3 Bf5 4.cxd5 Bxb1 5.Rxb1 Qxd5 6.a3 Nd7 7.Qc2 Ngf6 8.e3 e5
9.Bc4 Qd6 10.Qb3 O-O-O 11.Ng5 Nd5 12.e4 N5b6 13.Be2 f6 14.Nf7 Qxd4 15.Nxd8 Kxd8
16.Qc2 Nc5 17.f3 Ne6 18.b4 Kc7 19.Bb2 Qe3 20.Bc1 Qd4 21.Bb2 Qe3 22.Qd2 Nc4
23.Qxe3 Nxe3 24.Kf2 Nc2 25.Bc4 Ncd4 26.Rhd1 a5 27.Bc3 b5 28.Bxe6 Nxe6 29.Rd3 axb4
30.axb4 c5 31.Rbd1 cxb4 32.Rd7+ Kc6 33.Bb2 Bc5+ 34.Kf1 Bd4 35.Re7 Bxb2 36.Rxe6+ Kc5  1/2-1/2

[Event "88th ch-ARG Superior TB 2013"]
[Site "Saenz Pena ARG"]
[Date "2013.09.07"]
[Round "1"]
[White "Flores,Di"]
[Black "Peralta,Fe"]
[Result "1-0"]
[WhiteElo "2578"]
[BlackElo "2600"]

1.c4 c6 2.Nf3 d5 3.e3 Bg4 4.Qb3 Qc7 5.Ne5 Be6 6.d4 Nd7 7.f4 Ngf6 8.Nc3 dxc4
9.Bxc4 Bxc4 10.Qxc4 e6 11.O-O Be7 12.e4 O-O 13.Be3 Rad8 14.h3 Nxe5 15.dxe5 Nd7
16.Nb5 Qa5 17.Nd6 Nb6 18.Qc5 Qa6 19.Rfd1 Rd7 20.b3 Rfd8 21.Rd2 f6 22.Rad1 Rf8
23.a4 Rdd8 24.Kh2 Nc8 25.Qc4 Qxc4 26.bxc4 fxe5 27.fxe5 Nb6 28.a5 Bxd6 29.Rxd6 Rxd6
30.exd6 Nxc4 31.Bg5 Ne5 32.d7  1-0

[Event "88th ch-ARG Superior TB 2013"]
[Site "Saenz Pena ARG"]
[Date "2013.09.07"]
[Round "3"]
[White "Flores,Di"]
[Black "Peralta,Fe"]
[Result "1-0"]
[WhiteElo "2578"]
[BlackElo "2600"]

1.c4 c6 2.Nf3 d5 3.e3 Bg4 4.Qb3 Qc7 5.Ne5 Be6 6.d4 Nd7 7.f4 Ngf6 8.Nc3 dxc4
9.Bxc4 Bxc4 10.Qxc4 e6 11.O-O Be7 12.e4 O-O 13.Be3 Nxe5 14.dxe5 Ng4 15.Bd4 Rfd8
16.Kh1 Qa5 17.h3 Qb4 18.Qxb4 Bxb4 19.Rad1 Nh6 20.g4 Kf8 21.f5 exf5 22.exf5 Ng8
23.Ne4 Ne7 24.a3 Ba5 25.Bc5 Bb6 26.Bd6 f6 27.exf6 gxf6 28.Nxf6  1-0

[Event "TCh-SUI 2013"]
[Site "Switzerland SUI"]
[Date "2013.09.07"]
[Round "6.1"]
[White "Istratescu,A"]
[Black "Froewis,G"]
[Result "1-0"]
[WhiteElo "2655"]
[BlackElo "2428"]

1.c4 c6 2.e4 d5 3.exd5 cxd5 4.d4 Nf6 5.Nc3 Nc6 6.Bg5 Ne4 7.Nxe4 dxe4 8.d5 Ne5
9.Qd4 f6 10.Qxe4 Qb6 11.O-O-O g6 12.Bf4 Qa5 13.Bxe5 Bf5 14.Qe3 fxe5 15.a3 Rc8
16.Nf3 Qa4 17.Rd2 b5 18.Nxe5 bxc4 19.Nc6 Rc7 20.g4 c3 21.Qxc3 Qxg4 22.f3 Qh4
23.Bb5 a6 24.d6 exd6 25.Re2+ Kd7 26.Nb8+ Kc8 27.Re8+ Kb7 28.Bc6+ Kb6 29.Qe3+  1-0

[Event "US Chess League 2013"]
[Site "chess.com INT"]
[Date "2013.09.11"]
[Round "3"]
[White "Katz,Alexander R"]
[Black "Shmeliov,D"]
[Result "1/2-1/2"]
[WhiteElo "2266"]
[BlackElo "2417"]

1.c4 c6 2.e4 d5 3.cxd5 cxd5 4.exd5 Nf6 5.Nc3 Nxd5 6.Bc4 Nxc3 7.Qf3 e6 8.dxc3 Bd6
9.Be3 Qe7 10.Ne2 Nc6 11.Nd4 Bd7 12.Bb5 Nxd4 13.Bxd7+ Qxd7 14.Bxd4 O-O 15.O-O Qc7
16.h3 e5 17.Be3 f5 18.Qd5+ Kh8 19.Rad1 Rad8 20.Qb3 b6 21.Bg5 Rde8 22.Qd5 Be7
23.Bxe7 Qxe7 24.Qb5 e4 25.Rd7 Qg5 26.Rfd1 e3 27.fxe3 Qxe3+ 28.Kh1 Qf2 29.Rf1 Re1
30.Rxe1 Qxe1+ 31.Kh2 Qe4 32.Rd4 Qe7 33.Qd5 h6 34.Qd6 Qf7 35.Rf4 Re8 36.Qd3 Re5
37.c4 Qe6 38.b4 Re4 39.Rxe4 fxe4 40.Qe2 Qd6+ 41.Kg1 Qd4+ 42.Kf1 e3 43.g3 Qe4
44.Kg1 Qd4 45.Kg2 Qe4+ 46.Kg1 Qd4 47.g4 Qd2 48.Kf1 Qxb4 49.Kg2 Qc3 50.Kf3 Qd4
51.a4 Qa1 52.Qc2 Qf1+ 53.Kxe3 Qxh3+ 54.Kf4 Qf1+ 55.Ke4 Qf7 56.Ke3 Qe6+ 57.Kf4 Qd6+
58.Kf3 Qc6+ 59.Kg3 Kg8 60.Qe2 Kf7 61.Qf2+ Ke7 62.Qe3+ Kd7 63.Qc3 Qd6+ 64.Kh3 Qe7
65.Qd4+ Kc7 66.a5 Qg5 67.Qf2 Kb7 68.axb6 axb6 69.Qf3+ Kb8 70.Qf8+ Kb7 71.Qf7+ Kb8
72.Qe8+ Kb7 73.Qd7+ Kb8 74.Qd6+ Kb7 75.Qd7+ Kb8  1/2-1/2

[Event "TCh-CRO 2a Liga 2013"]
[Site "Bol CRO"]
[Date "2013.09.16"]
[Round "3.4"]
[White "Ruck,R1"]
[Black "Nemeth,Mi1"]
[Result "1-0"]
[WhiteElo "2575"]
[BlackElo "2473"]

1.c4 c6 2.d4 d5 3.Nf3 Nf6 4.Nc3 a6 5.a4 e6 6.Bg5 Nbd7 7.Qc2 Bb4 8.e3 O-O
9.Bd3 h6 10.Bh4 b6 11.O-O Bb7 12.Ne5 Be7 13.f4 c5 14.Rad1 cxd4 15.exd4 dxc4
16.Bxc4 Nh5 17.Bxe7 Qxe7 18.Qe2 Nhf6 19.f5 exf5 20.Rxf5 Qd6 21.Qf2 Rac8 22.Bb3 Rcd8
23.h3 Nb8 24.Ba2 Bc8 25.Nc4 Qc7 26.Rxf6 gxf6 27.Qxf6 Qc6 28.Qf4 Bb7 29.Qg3+ Qg6
30.Qxg6+ fxg6 31.Nd6+ Kg7 32.Nxb7 Rd7 33.Bd5 Rf5 34.Be6 Rxb7 35.Bxf5 gxf5
36.Re1 Nc6 37.d5 Re7 38.Rd1 Ne5 39.Rd4 Nd7 40.Rc4 Ne5 41.Rc8 Kf7 42.Rh8 Nd3
43.Rh7+ Kf6 44.Rxh6+ Kg5 45.Rxb6 Re1+ 46.Kh2 f4 47.Rxa6 Nf2 48.g4 Nd3 49.Re6 Ne5
50.a5 f3 51.Kg3  1-0

[Event "FSGM Sept 2013"]
[Site "Budapest HUN"]
[Date "2013.09.17"]
[Round "9.4"]
[White "Varga,Zo"]
[Black "Andersen,Mad"]
[Result "1/2-1/2"]
[WhiteElo "2444"]
[BlackElo "2479"]

1.c4 c6 2.e4 d5 3.cxd5 cxd5 4.exd5 Nf6 5.Bb5+ Nbd7 6.Nc3 a6 7.Be2 Nb6 8.d4 Nbxd5
9.Nf3 e6 10.O-O Be7 11.Ne5 O-O 12.Bf3 h6 13.Qb3 Qb6 14.Nc4 Qd8 15.Nxd5 Nxd5
16.Bxd5 exd5 17.Nb6 Rb8 18.Bf4 Bd6 19.Bxd6 Qxd6 20.Rac1 Bd7 21.Rfe1 Rfe8
22.Qxd5 Qxb6 23.Qxd7 Red8 24.Qf5 Qxd4 25.Rc7 Rf8 26.Qe5 Qxe5 27.Rxe5 Rfe8
28.Ree7 Rxe7 29.Rxe7  1/2-1/2

[Event "52nd World Juniors 2013"]
[Site "Kocaeli TUR"]
[Date "2013.09.17"]
[Round "5.26"]
[White "Nagy,Ga1"]
[Black "Zor,Alber Kadir"]
[Result "1-0"]
[WhiteElo "2457"]
[BlackElo "1948"]

1.c4 c6 2.d4 d5 3.Nf3 Nf6 4.Nc3 a6 5.e3 g6 6.Be2 Bg7 7.O-O O-O 8.Ne5 dxc4
9.Bxc4 b5 10.Bb3 Bb7 11.Qf3 Qc7 12.e4 c5 13.Bf4 Nh5 14.Nxg6 Nxf4 15.Nxf4 cxd4
16.Ncd5 Bxd5 17.Bxd5 Ra7 18.Nh5 Qd6 19.Rac1 Qg6 20.Qh3 e6 21.Bb3 d3 22.Nxg7 Qxg7
23.Qxd3 Qxb2 24.Qe3 Rd7 25.e5 Rd2 26.Rc7 Nd7 27.Qg5+ Kh8 28.Qe7 Rg8 29.Rxd7 Rxd7
30.Qxd7 Qe2 31.Qxf7  1-0

[Event "XV Villa Martelli ITT"]
[Site "Villa Martelli ARG"]
[Date "2013.09.17"]
[Round "3.4"]
[White "De Dovitiis,A"]
[Black "Leon,Ju"]
[Result "0-1"]
[WhiteElo "2346"]
[BlackElo "2279"]

1.c4 c6 2.e4 d5 3.exd5 cxd5 4.d4 Nf6 5.Nc3 e6 6.Nf3 Nc6 7.c5 Be7 8.Bb5 Bd7
9.O-O Ne4 10.Qe2 a6 11.Ba4 Qa5 12.Bxc6 Bxc6 13.Bd2 Qc7 14.Rfe1 Bf6 15.a4 b6
16.b4 bxc5 17.bxc5 O-O 18.Reb1 Rfb8 19.a5 Nxc3 20.Bxc3 Rb5 21.Rxb5 Bxb5 22.Qe3 Rb8
23.Rb1 Bd8 24.h3 Qe7 25.Ne5 Bc7 26.Qe1 f6 27.Nf3 Re8 28.Qd2 Qf7 29.Bb4 g5
30.c6 Rc8 31.Bc5 Qg6 32.Re1 Bf4 33.Qb4 Rxc6 34.Bb6 Kf7 35.Bc5 Ke8 36.g3 Bc7
37.Nd2 Kf7 38.Nb1 Qd3 39.Nd2 Qc2 40.Kg2 Qa2 41.Nb3 Qa4 42.Qc3 Bc4 43.Rb1 Bb5
44.Qd2 Qc4 45.f4 Qd3 46.Qe1 gxf4  0-1

[Event "1st League Cent-SRB 2013"]
[Site "Kragujevac SRB"]
[Date "2013.09.18"]
[Round "6.6"]
[White "Galkin,A"]
[Black "Radibratovic,P"]
[Result "1-0"]
[WhiteElo "2626"]
[BlackElo "2362"]

1.c4 c6 2.Nf3 d5 3.e3 Nf6 4.Nc3 g6 5.d4 Bg7 6.Be2 O-O 7.O-O h6 8.a4 Be6 9.cxd5 cxd5
10.a5 Nc6 11.a6 bxa6 12.Rxa6 Nb4 13.Ra3 a5 14.Ne5 Nd7 15.Nxd7 Bxd7 16.f4 Bf5
17.Bd2 e6 18.Na4 Bc2 19.Qc1 Bxa4 20.Rxa4 Qb6 21.Bc3 Rfb8 22.g4 Bf6 23.Kh1 Kg7
24.Rf3 Be7 25.Qf1 Re8 26.Qf2 Qd8 27.Ra1 Bh4 28.Qg2 Bf6 29.g5 Be7 30.gxh6+ Kxh6
31.Rg1 Rg8 32.Rg3 Qe8 33.h4 Kg7 34.Bb5 Qf8 35.h5 Rb8 36.Bxb4 axb4 37.Bd3 f5
38.Rxg6+ Kf7 39.Bxf5  1-0

[Event "e2e4 Bedford Open 2013"]
[Site "Bedford ENG"]
[Date "2013.09.21"]
[Round "2"]
[White "Wells,P"]
[Black "Tan,Ju2"]
[Result "1-0"]
[WhiteElo "2485"]
[BlackElo "2333"]

1.c4 c6 2.e4 d5 3.cxd5 cxd5 4.exd5 Nf6 5.Nc3 Nxd5 6.Nf3 Nxc3 7.bxc3 g6 8.d4 Bg7
9.Bd3 O-O 10.O-O Qc7 11.Bg5 b6 12.Re1 e6 13.h4 Bb7 14.h5 Qxc3 15.Rc1 Qa5
16.Ne5 Nd7 17.Bd2 Qa3 18.Nxd7 Qxd3 19.Nxf8 Bxf8 20.Bf4 Qf5 21.Be5 Qg5 22.f3 Bb4
23.Rc7 Bxe1 24.Qxe1 Bd5 25.Qc3 Qh6 26.Bd6 Kg7 27.Be5+ Kg8 28.Bd6 Kg7 29.Rc8 Qxh5
30.Bf8+ Kf6 31.Rxa8 Bxa8 32.d5+ e5 33.Qc7  1-0

[Event "TCh-NED Meesterklasse 2013-14"]
[Site "Netherland NED"]
[Date "2013.09.21"]
[Round "1.3"]
[White "Reinderman,D"]
[Black "Ernst,S"]
[Result "0-1"]
[WhiteElo "2590"]
[BlackElo "2568"]

1.c4 c6 2.e4 d5 3.exd5 cxd5 4.d4 Nf6 5.Nc3 e6 6.Nf3 Bb4 7.Bd3 dxc4 8.Bxc4 a6
9.O-O b5 10.Be2 O-O 11.Ne5 Bb7 12.a4 Nc6 13.Bf3 Qb6 14.Be3 Na5 15.axb5 axb5
16.Qe2 Bxc3 17.bxc3 Bxf3 18.Qxf3 Qb7 19.Qe2 Nd5 20.Bd2 Nb3 21.Rab1 Ra3 22.c4 bxc4
23.Qxc4 Nxd2 24.Rxb7 Nxc4 25.Nxc4 Ra4 26.Ne5 Rxd4 27.Ra1 Re4 28.Nd7 Rd8 29.g3 Rb4
30.Rba7 Rc4 31.Ne5 Rc7 32.Rxc7 Nxc7 33.Ra7 Rc8 34.Rb7 f6 35.Nc6 Nd5 36.Ne7+ Nxe7
37.Rxe7 e5 38.h4 h5 39.Kg2 Rc2 40.Kf3 Kh7 41.Ra7 Kg6 42.Rd7 Rc3+ 43.Ke4 Rc4+
44.Ke3 Rg4 45.Ra7 Kf5 46.Rb7 g6 47.Kf3 Rc4 48.Rg7 Rc2 49.Rg8 Rc7 50.Ke3 Ra7
51.Ke2 Ra2+ 52.Kf3 Ra3+ 53.Ke2 e4 54.Rg7 Ra1 55.Rg8 Rb1 56.Rg7 Rb2+ 57.Ke3 Rb3+
58.Ke2 Rf3 59.Rg8 Rb3 60.Rg7 Rb1 61.Rg8 g5 62.hxg5 fxg5 63.Rf8+ Kg4 64.Re8 Rb2+
65.Kf1 Kh3 66.Rxe4 Rb1+ 67.Ke2 Rb2+ 68.Kf1 g4 69.Rf4 Rb1+ 70.Ke2 Kg2 71.Rf5 Rb2+
72.Ke3 Rb3+ 73.Ke2 Rb2+ 74.Ke3 Ra2 75.Rf8 Kf1 76.Rb8 Rxf2 77.Rb5 Kg2 78.Rxh5 Kxg3
79.Rg5 Rf7 80.Ke2 Kh3 81.Rg8 g3 82.Rg6 g2 83.Rg8 Kh2 84.Rh8+ Kg1 85.Rg8 Re7+
86.Kf3 Kf1  0-1

[Event "Werder Bremen GM 2013"]
[Site "Bremen GER"]
[Date "2013.09.22"]
[Round "2.3"]
[White "Meins,G"]
[Black "Bluebaum,M"]
[Result "1/2-1/2"]
[WhiteElo "2448"]
[BlackElo "2514"]

1.c4 c6 2.Nf3 d5 3.e3 Nf6 4.Nc3 a6 5.d4 b5 6.c5 g6 7.Bd2 Ne4 8.Bd3 Nxd2 9.Qxd2 Bg7
10.h3 O-O 11.e4 dxe4 12.Bxe4 Qc7 13.O-O Nd7 14.Bc2 e5 15.dxe5 Nxe5 16.Be4 Nc4
17.Qc2 Bb7 18.Rad1 Qe7 19.Bd3 Ne5 20.Nxe5 Qxe5 21.Ne4 Qxb2 22.Qxb2 Bxb2 23.Nd6 Rab8
24.Nxb7 Rxb7 25.Be4 Rc8 26.Rd6 Be5 27.Rxc6 Rxc6 28.Bxc6 Rc7 29.Be4 Rxc5 30.Rd1 Kg7
31.Kf1 Rc4 32.Bd5 Rc7 33.Bb3 Bc3 34.Ke2 Re7+ 35.Kf3 Bb4 36.a4 bxa4 37.Bxa4 Re6
38.Rc1 a5 39.Bb3 Re7 40.h4 Rb7 41.Ba4 Be7 42.Rc4 Rb2 43.g3 Bd8 44.Rc2 Rb4
45.Ra2 Bb6 46.Ke2 f5 47.Bc2 Kf6 48.Bd3 Ke5 49.Bc2 Kd4 50.h5 Kc3 51.hxg6 hxg6
52.Kf3 Rd4 53.Ba4 Rd3+ 54.Ke2 Rd6 55.Kf3 Kb4 56.Be8 g5 57.Rb2+ Kc3 58.Rb5 a4
59.Rxf5 a3 60.Bf7 Rd2 61.Kg4 Rxf2 62.Rxf2 Bxf2 63.Kxg5 Bxg3 64.Kg4 Kb2 65.Kxg3 a2
66.Bxa2  1/2-1/2

[Event "52nd World Juniors 2013"]
[Site "Kocaeli TUR"]
[Date "2013.09.23"]
[Round "10.31"]
[White "Carneiro,Vitor Roberto Castro"]
[Black "Laurusas,T"]
[Result "0-1"]
[WhiteElo "2263"]
[BlackElo "2398"]

1.c4 c6 2.g3 d5 3.Bg2 Nf6 4.Nf3 Bf5 5.cxd5 cxd5 6.Qb3 Qc7 7.Nc3 e6 8.d3 Nc6
9.Bf4 Qd7 10.O-O Be7 11.Ne5 Nxe5 12.Bxe5 Bg6 13.e4 Ng4 14.Bf4 e5 15.Bd2 dxe4
16.Nd5 exd3 17.Nxe7 Qxe7 18.Bxb7 O-O 19.Bxa8 Rxa8 20.Rac1 h6 21.f3 Nf6 22.Rfe1 Re8
23.Qb5 Qe6 24.Rc6 Qd7 25.Qc4 e4 26.Rxf6 gxf6 27.fxe4 Rd8 28.Bxh6 Qh3 29.Bd2 Kg7
30.Rf1 Rd6 31.Bb4 Qe6 32.Qc5 Rd8 33.Qc7 Rc8 34.Qxa7 Rc2 35.Qe3 Re2 36.Qd4 Rxe4
37.Qd6 Re2 38.Qxe6 fxe6 39.Be7 Be4 40.Bxf6+ Kg6 41.h4  0-1

[Event "9th Highlands IM"]
[Site "Trebic CZE"]
[Date "2013.09.23"]
[Round "4"]
[White "Piankov,E"]
[Black "Buchnicek,P"]
[Result "1-0"]
[WhiteElo "2264"]
[BlackElo "2335"]

1.c4 c6 2.d4 d5 3.cxd5 cxd5 4.Nc3 Nf6 5.Nf3 Nc6 6.Bf4 Bf5 7.e3 e6 8.Qb3 Bb4
9.Be2 O-O 10.O-O Bxc3 11.Qxc3 Ne4 12.Qa3 g5 13.Bg3 h5 14.h4 g4 15.Nh2 Nxg3
16.fxg3 Qc7 17.Rf4 Ne7 18.Nf1 Be4 19.Bd3 f5 20.Rf2 Bxd3 21.Qxd3 Rac8 22.Qb3 Kg7
23.Rd1 Ng8 24.Rdd2 Nf6 25.Rc2 Qb8 26.Rxc8 Rxc8 27.Rc2 Ne4 28.Rxc8 Qxc8 29.Qa3 a6
30.Qe7+ Kg6 31.a4 b5 32.a5 b4 33.b3 Qc6 34.Qf8 Qd6 35.Qe8+ Kg7 36.Kh2 Nf6
37.Qc8 Kf7 38.Qb7+ Kf8 39.Qc8+ Ne8 40.Kg1 Ke7 41.Qb7+ Nc7 42.Kh2 Kd7 43.Kg1 Qf8
44.Kf2 Qe7 45.Kg1 Qd6 46.Kf2 Ke7 47.Kg1 Kf6 48.Qb8 Kg7 49.Qb7 Kg6 50.Qb8 Kg7
51.Qb7 Kf8 52.Qc8+ Ne8 53.Kh2 Ke7 54.Qb7+ Kf6 55.Qc8 Kf7 56.Qb7+ Kg6 57.Qa8 Nf6
58.Qc8 Kf7 59.Qb7+ Nd7 60.Kg1 Kf6 61.Qc8 Nf8 62.Kh2 Ng6 63.Kg1 e5 64.dxe5+ Kxe5
65.Qb7 d4 66.Qg7+ Ke4 67.Nd2+ Kd3 68.Nc4 Qc5 69.Qxg6 dxe3 70.Nxe3 Qxe3+ 71.Kh2 Kc2
72.Qxa6 Kxb3 73.Qd6 Ka4 74.a6 Qa7 75.Qe6 Kb5 76.Qe2+ Kb6 77.Qe6+ Kb5 78.Qa2 Kb6
79.Qa4 Qxa6 80.Qxb4+ Qb5 81.Qd4+ Kc7 82.Qg7+ Kd8 83.Qf6+ Kd7 84.Qf7+ Kd6
85.Qxh5 Qe5 86.Qf7 Kc5 87.h5 Kd4 88.h6 Qd6 89.Qg7+ Ke3 90.h7 f4 91.Qc3+ Kf2
92.Qc2+ Ke3 93.Qc1+ Ke2 94.Qxf4  1-0

[Event "XV Villa Martelli ITT"]
[Site "Villa Martelli ARG"]
[Date "2013.09.23"]
[Round "8.1"]
[White "Contin,D"]
[Black "Bulcourf,C"]
[Result "1-0"]
[WhiteElo "2325"]
[BlackElo "2056"]

1.c4 c6 2.e4 e5 3.Nc3 Bb4 4.Nge2 Nf6 5.a3 Bxc3 6.Nxc3 O-O 7.d4 d6 8.Be2 a5
9.O-O a4 10.f4 Nbd7 11.Be3 Qe7 12.c5 dxc5 13.dxe5 Ne8 14.Nxa4 b5 15.Nc3 Bb7
16.Qc2 Nc7 17.Rad1 Ne6 18.Bg4 Nb6 19.Bxe6 fxe6 20.Rd6 Nc4 21.Bxc5 Rfc8 22.Rd5 Qf7
23.Rd3 Rd8 24.b3 Rxd3 25.Qxd3 Nxa3 26.Rd1 h6 27.f5 b4 28.Bxb4 exf5 29.Qd7 c5
30.Qxf7+ Kxf7 31.Bxa3 Rxa3 32.Rd7+ Ke6 33.Rxb7 c4 34.exf5+ Kxe5 35.Nb1 Rxb3
36.Rxb3 cxb3 37.Nd2  1-0

[Event "Werder Bremen GM 2013"]
[Site "Bremen GER"]
[Date "2013.09.24"]
[Round "4.4"]
[White "Asendorf,J"]
[Black "Bluebaum,M"]
[Result "1/2-1/2"]
[WhiteElo "2357"]
[BlackElo "2514"]

1.c4 c6 2.Nf3 d5 3.g3 Nf6 4.Bg2 dxc4 5.O-O Nbd7 6.Na3 Nb6 7.Qc2 g6 8.Nxc4 Nxc4
9.Qxc4 Be6 10.Qc2 Bg7 11.d3 O-O 12.Bd2 Nd5 13.Ng5 Bd7 14.Rab1 a5 15.a3 Qb6
16.Ne4 Rfd8 17.Nc5 Bg4 18.h3 Bc8 19.Qc4 Qc7 20.Rfc1 Qe5 21.e3  1/2-1/2

[Event "52nd World Juniors 2013"]
[Site "Kocaeli TUR"]
[Date "2013.09.24"]
[Round "11.36"]
[White "Carneiro,Vitor Roberto Castro"]
[Black "Baghdasaryan,V"]
[Result "1/2-1/2"]
[WhiteElo "2263"]
[BlackElo "2423"]

1.c4 c6 2.g3 d5 3.Bg2 Nf6 4.Nf3 dxc4 5.O-O g6 6.Qc2 Bg7 7.Qxc4 O-O 8.Nc3 Be6
9.Qh4 h6 10.h3 Qc8 11.g4 g5 12.Qg3 Nd5 13.Nxd5 cxd5 14.d4 Nc6 15.Be3 Qd7
16.Ne5 Nxe5 17.dxe5 Qb5 18.h4 Qxb2 19.hxg5 hxg5 20.Bxg5 Bxe5 21.f4 Qb6+ 22.Kh1 Bxa1
23.Rxa1 Kg7 24.Bh6+ Kg8 25.f5 Bd7 26.Qh4 Qd4 27.Rf1 f6 28.e3 Qd3 29.Bxf8 Rxf8
30.Rf3 Kg7 31.Rh3 Rg8 32.g5 Bxf5 33.gxf6+ Kf7 34.Qh5+ Kxf6 35.Rf3 e6 36.Qh4+ Kf7
37.a3 b5 38.Rf1 Qc2 39.Bxd5 Ke8 40.Bf3 Qb2 41.Bc6+ Kf7 42.Rxf5+ exf5 43.Bd5+ Ke8
44.Bxg8 Qc1+ 45.Kg2 Qxe3 46.Qg3 Qd2+ 47.Kf1 Kf8 48.Bb3 Qc1+ 49.Kg2 Qb2+ 50.Kf1 Qxa3
51.Qb8+ Kg7 52.Qe5+ Kg6 53.Qg3+ Kf6 54.Qc3+ Kg5 55.Qe3+ Kf6  1/2-1/2

[Event "Baku Open 2013"]
[Site "Baku AZE"]
[Date "2013.09.25"]
[Round "7.9"]
[White "Khismatullin,D"]
[Black "Rogozenco,D"]
[Result "1/2-1/2"]
[WhiteElo "2661"]
[BlackElo "2515"]

1.c4 c6 2.Nf3 d5 3.e3 Nf6 4.Nc3 a6 5.d4 e6 6.Qc2 c5 7.cxd5 exd5 8.Be2 Nc6
9.O-O Be6 10.Rd1 cxd4 11.Nxd4 Nxd4 12.exd4 Be7 13.Qb3 b5 14.Bg5 O-O 15.Bf3 Qd6
16.Ne2 h6 17.Bf4 Qd7 18.Be5 Bg4 19.Bxg4 Nxg4 20.Nf4 Qf5 21.Nd3 Bf6 22.Qxd5 Rfe8
23.h3  1/2-1/2